000 00676cam a22002418a 4500
001 15617796
005 20180312103516.0
008 090209s2009 nju 000 0 eng
010 _a 2009004344
020 _a9780135074039
020 _a0135074037
040 _aDLC
_cDLC
041 _aeng
080 _a006.7 EVA
082 0 0 _a006.7 EVA
_222
100 1 _a28
101 _aSHK
245 1 0 _aIntroduction to Web 2.0 /
_cAlan D. Evans, Diane M. Coyle.
263 _a1111
906 _a0
_bvip
_corignew
_d1
_eecip
_f20
_gy-gencatlg
942 _2ddc
_cBK
999 _c44795
_d44795